000 00767nam a2200289Ia 4500
003 OSt
005 20221007110939.0
006 a|||||r|||| 00| 0
007 ta
008 221006b |||||||| |||| 00| 0 eng d
020 _a9788175347601
024 _a22,234
037 _cTextual
040 _aLCO
_cLCO
_beng
041 _2eng
_aeng
082 _aX62:(Z), P9
100 _aMehta Rupa
245 0 _aCredit Cards
_b A Legal Guide
250 _a2nd
260 _aDelhi
_bUniversal Law Publishing Co. Pvt. Ltd. India
_c2009
300 _a306
500 _aCredit Card Frauds
650 _aCREDIT CARD
_9708079
700 _a Mehta Rohinton
942 _hX62:(Z), P9
_cTEXL
999 _c1191797
_d1191797